00677nam a22002297a 45000010005000000030006000050050017000110080041000280200018000690400029000870500015001160820008001311000024001392450042001632600050002053000051002555050008003065210029003145210020003436500043003637000041004067906FISKH20250813114813.0250813b cb ||||| |||| 00| 0 eng d a9780395610800 aFISKHbengcFISKHdFISKH aPE1119.D74 a809 aPikulski, John J.  aDream a story / cBy John J. Pikulski aBoston : bHoughton Mifflin Company , c1991. a159 pages : bcolor illustrations ; c28 cm .  aH 8 a450 bLexile estimate 8 aH bRaz-Plus  aShort storiesvFiction and Literature  aBarrera, Rosalinda B. eIllustrator